| 000 | 01889nam a2200481Ii 4500 | ||
|---|---|---|---|
| 001 | DIGANAGRA0542 | ||
| 003 | NyNyDIG | ||
| 006 | m o d | ||
| 007 | cr ||||||||||| | ||
| 008 | 231002s2022 sp ob 000 0 spa d | ||
| 035 | _a(OCoLC)1401829928 | ||
| 040 |
_aDGITA _beng _erda _epn _cDGITA |
||
| 020 |
_a9788433944627 _qeBook |
||
| 020 | _z9788433916198 | ||
| 041 | 1 |
_aspa _hfre |
|
| 050 | 1 | 4 | _aB3148 ebook |
| 082 | 0 | 4 |
_a193 _223 |
| 100 | 1 |
_aHouellebecq, Michel, _eauthor. |
|
| 240 | 1 | 0 |
_aEn présence de Schopenhauer. _lSpanish _s(Riambau) |
| 245 | 1 | 0 |
_aEn presencia de Schopenhauer / _cMichel Houellebecq ; traducción de Joan Riambau. |
| 250 | _aEdición en formato digital. | ||
| 264 | 1 |
_aBarcelona : _bEditorial Anagrama, _c[2022] |
|
| 300 | _a1 online resource. | ||
| 336 |
_atext _btxt _2rdacontent |
||
| 337 |
_acomputer _bc _2rdamedia |
||
| 338 |
_aonline resource _bcr _2rdacarrier |
||
| 347 |
_atext file _2rdaft |
||
| 347 | _bEPUB | ||
| 490 | 1 |
_aNuevos cuadernos Anagrama ; _v8 |
|
| 504 | _aIncludes bibliographical references. | ||
| 588 | 0 | _aOnline resource; title from ePub title page (Digitalia, viewed October 2, 2023) | |
| 600 | 1 | 0 |
_aSchopenhauer, Arthur, _d1788-1860 _xInfluence. |
| 600 | 1 | 0 |
_aHouellebecq, Michel _xPhilosophy. |
| 700 | 1 |
_aRiambau, Joan, _etranslator. |
|
| 700 | 1 |
_iTranslation of: _aHouellebecq, Michel. _tEn présence de Schopenhauer. |
|
| 791 | 2 |
_aDigitalia (Firm), _edistributor. |
|
| 793 | 0 |
_gDigitalia eBook Collection: _aEditorial Anagrama |
|
| 776 | 0 | 8 |
_iPrint version: _aHouellebecq, Michel. _sEn présence de Schopenhauer. Spanish (Riambau). _tEn presencia de Schopenhauer. _dBarcelona : Editorial Anagrama, [2018] _z9788433916198 |
| 830 | 0 |
_aNuevos cuadernos Anagrama ; _v8. |
|
| 856 | 4 | 0 |
_3Digitalia Hispánica _uhttps://www.digitaliapublishing.com/a/117548/ |
| 910 | _aPremium collection: 2023 | ||
| 942 | _cRAA | ||
| 999 |
_c275490 _d275490 |
||